000 00447ntaaa2200193 4500
003 01
005 20251027202410.0
008 0714s1973 ag 01
040 _aAR-BaBN
_bspa
_cAR-BaBN
_eaacr
_dRIC
082 _a286.0000 B64
100 _aBorden, E.M.
_922731
245 _aBaptist doctrine upset
250 _a1 ed.
260 _as.l.,
_cs.f.
300 _a94 p
500 _aEjemplar sin portada
650 _abautistas
_914480
942 _cBK
999 _c18890
_d18890